00833nam a22001817a 4500003000200000005001700002008004100019050002200060100003100082245011000113260007100223300006300294500005200357504005600409650006800465650005500533650006300588020250213143539.0250213b xxu||||| |||| 00| 0 eng d aHG 179b.N87 2023 aNuqui, Patricia Bianca P.  aI-budget:ban intelligent mobile application for the budget-concious individualcPatricia Bianca P. Nuqui aLas Pinas CitybSouthville International School and Collegesc2023 axii, 154 pages:bcolored pictures and illustration;c28cm. aBachelor of Science in Information Technology.  aIncludes bibliographical references and appendices. aPersonal finance—Budgeting -- Money management applications. aMobile applications—Finance -- Expense tracking. aDigital banking—Personal financial assistance platforms.